1994 yılı ekonomik raporu (Record no. 9297)
[ view plain ]
| 000 -BAŞLIK | |
|---|---|
| Sabit Uzunlukta Kontrol Alanı | 00847na a2200277 4500 |
| 001 - KONTROL NUMARASI | |
| Denetim Alanı | 20993 |
| 003 - KONTROL NUMARASI IDENTIFIER | |
| Denetim Alanı | MIRAKIL |
| 005 - SON İŞLEM TARİHİ VE ZAMANI | |
| Denetim Alanı | 20181213155242.0 |
| 008 - SABİT-BOY VERİ ELEMANLARI - GENEL BİLGİLER | |
| Sabit Uzunlukta Kontrol Alanı | 170130b tu 000 0 |
| 020 ## - ULUSLARARASI STANDART KİTAP NUMARASI | |
| Uluslararası Standart Kitap Numarası | 9755121927 |
| 035 ## - SİSTEM KONTROL NUMARASI | |
| Sistem Kontrol Numarası | 20993 |
| 040 ## - KATALOGLAMA KAYNAK | |
| Orijinal Kataloglama Ajansı | Milas |
| Kataloglama Dili | tur |
| Metne Dönüştürmek Ajansı | TR-AnCHP |
| 041 ## - DİL KODU | |
| Metin / Ses Parça Veya Ayrı Başlığın Dil Kodu | tur |
| 082 ## - DEWEY ONLU SINIFLANDIRMA NUMARASI | |
| Sınıflandırma Numarası | 330.9561 |
| Ürün Numarası | T61b 1995 |
| 090 ## - SINIFLAMA NUMARASI | |
| Sınıflama Numarası | 330.9561 T61b 1995 |
| 110 ## - ANA GİRİŞ - KURUMSAL ADI | |
| Giriş Elemanı Olarak Kurumsal Ad Veya Yargı Alanı Adı | Türkiye Odalar ve Borsalar Birliği (TOBB) |
| Toplantı Veya Antlaşma İmzalandığı Tarihi | Mayıs 1995 |
| Bölüm / Bölüm / Toplantı Sayısı | 51 |
| Bir İşin Parçası / Bölümün İsmi | Genel Kurul |
| 245 ## - BAŞLIK TABLOSU | |
| Başlık | 1994 yılı ekonomik raporu |
| Sorumluluk Tablosu, Vb | TOBB |
| 260 ## - YAYIN, DAĞITIM, VB | |
| Yayın, Dağıtım, Vb Yeri | Ankara |
| Yayıncı, Dağıtıcı, Vs Adı | TOBB |
| Yayın, Dağıtım, Vb Tarihi | 1995 |
| Üretici Firma | Tisamat basım sanayi |
| 300 ## - FİZİKSEL TANIM | |
| Kapsam | 119 s. |
| Diğer Fiziksel Ayrıntıları | tbl. ; grf. ; şkl. |
| Boyutlar | 30 sm. |
| 440 ## - SERİSİ TABLOSU / KATMA GİRİŞİ - BAŞLIK | |
| Başlık | TOBB Genel yayın |
| Bir İşin Parçası / Bölüm Sayısı | 299 |
| 490 ## - SERİSİ TABLOSU | |
| Seri Beyanı | AYDB |
| Hacim / Ardışık Tanımı | 148 |
| 610 ## - KONU KATMA GİRİŞ - TOPLANTI ADI | |
| Giriş Elemanı Olarak Kurumsal Ad Veya Yargı Alanı Adı | TOBB |
| Genel Alt Bölüm | Ekonomik durum |
| Kronolojik Alt Bölüm | Raporlar |
| 650 ## - KONU KATMA GİRİŞ - TOPİKAL DÖNEM | |
| Topikal Süreli Veya Coğrafi Ad Giriş Elemanı | Türkiye |
| Genel Alt Bölümü | Ekonomik durum |
| Kronolojik Alt Bölümü | 1994 |
| 710 ## - KATMA GİRİŞ - KURUMSAL ADI | |
| Giriş Elemanı Olarak Kurumsal Ad Veya Yargı Alanı Adı | Türkiye Odalar ve Borsalar Birliği (TOBB) |
| 942 ## - EKLENDİ GİRİŞ ELEMANLARI (KOHA) | |
| Sınıflandırma Veya Raf Düzeni Kaynak | Dewey Decimal Classification |
| Koha Öğesi Türü | Books |
| 999 ## - SİSTEM KONTROL NUMARALARI (KOHA) | |
| Koha Biblionumber | 9297 |
| Koha Biblioitemnumber | 9297 |
| Kalıcı Konum | Mevcut Konum | Edinme Tarihi | Edinim Kaynak | Toplam Check-Out'Lar | Tam Çağrı Numarası | Barkod | Tarih Son Görülme | İtibaren Geçerli Fiyatlar | Koha Öğesi Türü |
|---|---|---|---|---|---|---|---|---|---|
| CHP Kütüphanesi | CHP Kütüphanesi | 01/30/2017 | Bağış | 330.9561 T61b 1995 | 012154 | 01/30/2017 | 01/30/2017 | Books |
